|
|
|
|
| LEADER |
00000cam a2200000 a 4500 |
| 001 |
vtls009881655 |
| 003 |
SK-MaSNL |
| 005 |
20260301130639.0 |
| 008 |
200612s1750 it 001 0 lat |
| 015 |
|
|
|a SNBHFA1750
|
| 020 |
|
|
|q (viaz.)
|
| 035 |
|
|
|a (SVKBBclas03)vtls000222439
|
| 035 |
|
|
|a urn:nbn:sk:snk-amtfrr
|
| 035 |
|
|
|a urn:nbn:sk:snk-am00c9iw
|
| 035 |
|
|
|a 8934EBD8-2A23-4814-BAD0-422481BCF023
|
| 040 |
|
|
|a SNK
|b slo
|c SNK
|e AACR2
|
| 041 |
0 |
|
|a lat
|
| 044 |
|
|
|a it
|c IT
|
| 072 |
|
7 |
|a 2-74
|x Náboženské právo. Cirkevné právo
|2 konspekt
|
| 080 |
|
|
|a 27-74
|2 2001
|
| 080 |
|
|
|a 272-732.2-284/-285
|2 2001
|
| 080 |
|
|
|a 27-789.5
|2 2001
|
| 100 |
1 |
|
|a Pichler, Vitus,
|d 1670-1750
|4 aut
|9 478673
|
| 245 |
1 |
0 |
|a Jus Canonicum Practice Explicatum, Seu, Decisiones Casuum Ad Singulos Decretalium Gregorii Papae IX. Titulos, & ad consuetum referendi Modum accomodatae
|n Tomus Secundus
|c Auctore R. P. Vito Pichler E Societate Jesu S. Theol. Et SS. Canonum Doctore, horumque olim in Episcopali Dilingana, postea veró in Alma Electorali Universitate Ingolstadiensi Professore Ordinario Actuali, & Juris Primario
|
| 246 |
3 |
8 |
|a Pichler Jus Canonicum
|n Tom: I.&II.
|
| 260 |
|
|
|a Venetiis
|b Apud Nicolaum Pezzana
|c MDCCL. [=1750]
|
| 300 |
|
|
|a [8], 344 s.
|c 8° (37x25 cm)
|
| 500 |
|
|
|a Živé záhlavie, vinety, kustódy, ozdobné iniciálky na deväť riadkov
|
| 501 |
|
|
|a Príväzok 1. k: Jus Canonicum Secundúm quinque Decretalium Titulos Gregorii Papae IX. Explicatum. Tomus Primus. Venetiis : Apud Nicolaum Pezzana. MDCCL. [=1750].
|5 SNK IA 999/1-2
|
| 541 |
|
|
|c v správe ŠVK Banská Bystrica
|f Rímskokatolícky biskupský úrad Banská Bystrica
|
| 546 |
|
|
|a Latinčina
|b Antikva
|b Kurzíva
|
| 561 |
|
|
|a Knižnica banskobystrického biskupského seminára.
|5 ŠVKBB
|
| 561 |
|
|
|a Miestny odbor Matice slovenskej, Bratislava.
|5 ŠVKBB
|
| 561 |
|
|
|a [Slovenská národná knižnica v Matici slovenskej, Martin].
|5 ŠVKBB
|
| 561 |
|
|
|a Pôvodný exlibris: Franciscus Comes Berchtoldt L. B. Ab. Vngerschnitz. Abb. Ad S. Salvat. De Kapornak, E. Ms. Canon. Archi-Diac. Barsien. Proto. Not. Apost. Et Per Archi-Diaecesim Strig. In Spirit. Vlc. Generalis.
|5 SNK IA 999/1-2
|
| 610 |
2 |
7 |
|a Jezuiti
|2 SNKKA
|9 30953
|
| 650 |
0 |
7 |
|a kánonické právo
|2 SNKPH
|9 2222
|
| 650 |
0 |
7 |
|a pápežské dokumenty
|2 SNKPH
|9 62416
|
| 700 |
1 |
|
|a Berchtold, František,
|d 1730-1793
|4 fmo
|9 166588
|
| 710 |
0 |
|
|a Pezzana, Nicolò (Benátky, Taliansko),
|d 1701-1767
|4 prt
|9 55921
|
| 752 |
|
|
|a Taliansko
|d Benátky
|
| 852 |
|
|
|a študovňa historických knižných fondov
|b Seminárna knižnica
|
| 852 |
|
|
|a snk
|b Historické fondy
|p IA 999/1-2
|
| 958 |
|
|
|a ONDV
|
| 999 |
|
|
|c 745549
|d 747479
|
| 952 |
|
|
|t Be 156
|a SNK
|b SNK
|c SNK_HF
|y PREZ
|7 0
|p 17A1128351
|o snkIA 999/1-2/prív.1
|i snk2016/5204
|8 5
|0 0
|1 0
|4 0
|d 2016-02-23
|f 1
|l 0
|r 2026-02-23 23:14:41
|w 2026-02-23
|